000 00624nam a22001817a 4500
003 CEME
005 20210628210008.0
008 210210b xxu||||| |||| 00| 0 eng d
020 _a81-7319-145-X
040 _c.
082 _a621.3827 FRA
100 _aJain, V. K Franz, J. H
_977763
245 _aOptical communications,component and systems analysis,design,optimization,application
260 _aNEW DELH
_bNAROSA PUBLISHING
_c2000
300 _a717P
650 _aOPTICAL TRANSMITTERS LASER NOISE OPTICAL FIBERS OPTICAL DETECTORS AND RECEIVERS OPTICAL NETWORKS OPTICAL SPACE COMMUNICATION
_977764
942 _cBK
_2ddc
999 _c582981
_d582981